Prueba de Introvertido - Sala de Espera - Estadísticas

Estadísticas generales
  • Esta prueba ha sido intentada 50 veces
  • La puntuación promedio es 11 de 14
Respuestas en el mapa
Las respuestas están codificadas por una escala verde-roja en el mapa de la prueba según el % correcto abajo.
 
Estadísticas de respuestas
Respuesta % Correcto
Juego A
89%
Juego E
80%
Juego F
80%
Juego G
80%
Juego B
77%
Juego D
77%
Juego M
77%
Juego I
74%
Juego J
74%
Juego K
74%
Juego N
74%
Juego L
71%
Juego H
69%
Juego C
66%
No se encontraron pruebas coincidentes
Distribución de puntuación
Porcentaje de gente con cada puntuación
Porcentaje por número respondido
Historial de tus puntuaciones
No has intentado esta prueba.